000 00671nam a2200217 4500
001 136253
003 ES-MaACL
005 20230906195053.0
007 t|
008 070214s1983 ag r ||||1| spa d
100 1 _aSábato, Ernesto.
_9101192
245 1 0 _aPáginas de Ernesto Sabato
_b: seleccionadas por el autor /
_cestudio preliminar de Carlos Catania.
250 _a1ª. ed.
260 _aBuenos Aires :
_bCeltia,
_c1983.
300 _a265 p. ;
_c22 cm.
490 1 _aEscritores argentinos de hoy
700 1 _aCatania, Carlos.
_937043
830 0 _aEscritores argentinos de hoy
_9219990
852 _aES-MaACL
_jL-5671
_bR.106268
999 _c136253
_d136253